<?xml version="1.0" encoding="UTF-8"?><?xml-stylesheet type="text/xsl" href="static/style.xsl"?><OAI-PMH xmlns="http://www.openarchives.org/OAI/2.0/" xmlns:xsi="http://www.w3.org/2001/XMLSchema-instance" xsi:schemaLocation="http://www.openarchives.org/OAI/2.0/ http://www.openarchives.org/OAI/2.0/OAI-PMH.xsd"><responseDate>2026-06-30T01:15:21Z</responseDate><request verb="GetRecord" identifier="oai:riubu.ubu.es:10259/9200" metadataPrefix="marc">https://riubu.ubu.es/oai/request</request><GetRecord><record><header><identifier>oai:riubu.ubu.es:10259/9200</identifier><datestamp>2024-05-30T00:05:13Z</datestamp><setSpec>com_10259_3576</setSpec><setSpec>com_10259.4_2574</setSpec><setSpec>com_10259.4_106</setSpec><setSpec>com_10259_2604</setSpec><setSpec>col_10259_3577</setSpec></header><metadata><record xmlns="http://www.loc.gov/MARC21/slim" xmlns:doc="http://www.lyncode.com/xoai" xmlns:xsi="http://www.w3.org/2001/XMLSchema-instance" xmlns:dcterms="http://purl.org/dc/terms/" xsi:schemaLocation="http://www.loc.gov/MARC21/slim http://www.loc.gov/standards/marcxml/schema/MARC21slim.xsd">
<leader>00925njm 22002777a 4500</leader>
<datafield tag="042" ind1=" " ind2=" ">
<subfield code="a">dc</subfield>
</datafield>
<datafield tag="720" ind1=" " ind2=" ">
<subfield code="a">Cantalapiedra Nieto, Basilio</subfield>
<subfield code="e">author</subfield>
</datafield>
<datafield tag="720" ind1=" " ind2=" ">
<subfield code="a">Aguilar Conde, Pablo</subfield>
<subfield code="e">author</subfield>
</datafield>
<datafield tag="260" ind1=" " ind2=" ">
<subfield code="c">2021-03-07</subfield>
</datafield>
<datafield tag="520" ind1=" " ind2=" ">
<subfield code="a">Cuando se quiere definir la información procedente de los medios de comunicación, los usuarios&#xd;
utilizan diferentes calificativos relacionados con la veracidad, objetividad, sesgo, influencia, etc…&#xd;
influyendo en la percepción de estas cualidades la línea editorial y/o la propiedad de los diferentes&#xd;
grupos de comunicación y el empeño que pongan en trabajar con la noticia desde la veracidad,&#xd;
evitando la propagación de fake news a través de su medio. Diversos informes inciden en el&#xd;
problema del decrecimiento de la confianza en la información en España, con lo que se hace&#xd;
necesario un mayor compromiso de los medios. Se sigue la metodología del estudio y análisis de la&#xd;
normativa legal existente. Existen en diversos ámbitos de la vida diaria distintas clasificaciones que&#xd;
anticipan ciertas características a los consumidores, incluso en el campo audiovisual. Sin embargo,&#xd;
no existe ningún criterio verificador que califique el grado de veracidad de una noticia,&#xd;
independientemente de la línea editorial del medio, empoderando con ello al usuario en su&#xd;
capacidad crítica y analítica. En este trabajo se propone un modelo clasificatorio, que permita&#xd;
etiquetar a cada noticia difundida digitalmente, anticipando su grado de verosimilitud, apoyándose&#xd;
para hacerlo en la normativa legal vigente y en criterios objetivos.</subfield>
</datafield>
<datafield tag="520" ind1=" " ind2=" ">
<subfield code="a">The continued presence of gossip and fake news is perceived by Spanish users as one of the main&#xd;
problems when accessing information. The mistrust of the media caused by this situation undermines&#xd;
their credibility among the public, making it necessary to categorize the news to help the users to&#xd;
value their credibility. Methodology used is the analysis of the Audiovisual Communication General&#xd;
Law and the study of the tools used in its articles. The articles of the current legislation, referring to&#xd;
the control by the users, the pluralism, the advertising level of the contents and the use of the kids&#xd;
platform tv allow us the generation of operating guidelines that clearly show the veracity of the new.&#xd;
The control of the contents by the users and their performance through the kids platform tv may be&#xd;
used as a working model for the establishment of a catalog of the news that can reduce the distrust of the users in the media, showing their degree of credibility. Disinformation and fake news are a&#xd;
serious and growing problem that must be treated. One way to do this is through the establishment&#xd;
of Self-Regulation Codes by the media and the compromise to comply with them, following preexisting models supported by the Audiovisual Communication General Law, such as those&#xd;
established for the defense of the rights of minors.</subfield>
</datafield>
<datafield tag="024" ind2=" " ind1="8">
<subfield code="a">0719-4706</subfield>
</datafield>
<datafield tag="024" ind2=" " ind1="8">
<subfield code="a">http://hdl.handle.net/10259/9200</subfield>
</datafield>
<datafield ind1=" " ind2=" " tag="653">
<subfield code="a">Desinformación</subfield>
</datafield>
<datafield ind1=" " ind2=" " tag="653">
<subfield code="a">Ley General de Comunicación Audiovisual</subfield>
</datafield>
<datafield ind1=" " ind2=" " tag="653">
<subfield code="a">Medios de Comunicación</subfield>
</datafield>
<datafield ind1=" " ind2=" " tag="653">
<subfield code="a">Fake news</subfield>
</datafield>
<datafield ind1=" " ind2=" " tag="653">
<subfield code="a">Disinformation</subfield>
</datafield>
<datafield ind1=" " ind2=" " tag="653">
<subfield code="a">Audiovisual Comunication General Law</subfield>
</datafield>
<datafield ind1=" " ind2=" " tag="653">
<subfield code="a">Mass Media</subfield>
</datafield>
<datafield tag="245" ind1="0" ind2="0">
<subfield code="a">Fake news y ética empresarial: propuesta de un modelo evaluador de la veracidad de una noticia</subfield>
</datafield>
</record></metadata></record></GetRecord></OAI-PMH>